<?xml version="1.0" encoding="UTF-8"?>
<record
    xmlns:xsi="http://www.w3.org/2001/XMLSchema-instance"
    xsi:schemaLocation="http://www.loc.gov/MARC21/slim http://www.loc.gov/standards/marcxml/schema/MARC21slim.xsd"
    xmlns="http://www.loc.gov/MARC21/slim">

  <leader>02727cam a22003258a 4500</leader>
  <controlfield tag="001">16432818</controlfield>
  <controlfield tag="005">20110325120722.0</controlfield>
  <controlfield tag="008">100825s2010    nyu           000 0 eng  </controlfield>
  <datafield tag="010" ind1=" " ind2=" ">
    <subfield code="a">  2010034044</subfield>
  </datafield>
  <datafield tag="020" ind1=" " ind2=" ">
    <subfield code="a">0071663460</subfield>
  </datafield>
  <datafield tag="020" ind1=" " ind2=" ">
    <subfield code="a">9780071663465 </subfield>
  </datafield>
  <datafield tag="040" ind1=" " ind2=" ">
    <subfield code="a">DLC</subfield>
    <subfield code="c">DLC</subfield>
  </datafield>
  <datafield tag="042" ind1=" " ind2=" ">
    <subfield code="a">pcc</subfield>
  </datafield>
  <datafield tag="050" ind1="0" ind2="0">
    <subfield code="a">TK7881.4</subfield>
    <subfield code="b">.P63 2010</subfield>
  </datafield>
  <datafield tag="082" ind1="0" ind2="0">
    <subfield code="a">621.3893</subfield>
    <subfield code="2">22</subfield>
    <subfield code="b">POH</subfield>
  </datafield>
  <datafield tag="100" ind1="1" ind2=" ">
    <subfield code="a">Pohlmann, Ken C.</subfield>
    <subfield code="9">23390</subfield>
  </datafield>
  <datafield tag="245" ind1="1" ind2="0">
    <subfield code="a">Principles of Digital Audio /</subfield>
    <subfield code="c">Ken C. Pohlmann.</subfield>
  </datafield>
  <datafield tag="250" ind1=" " ind2=" ">
    <subfield code="a">6th ed.</subfield>
  </datafield>
  <datafield tag="260" ind1=" " ind2=" ">
    <subfield code="a">New York :</subfield>
    <subfield code="b">McGraw-Hill/TAB Electronics, 2010</subfield>
    <subfield code="c">2010.</subfield>
  </datafield>
  <datafield tag="263" ind1=" " ind2=" ">
    <subfield code="a">1111</subfield>
  </datafield>
  <datafield tag="300" ind1=" " ind2=" ">
    <subfield code="a">xvi, 800 p. :</subfield>
    <subfield code="b">ill.;</subfield>
    <subfield code="c">24 cm.</subfield>
  </datafield>
  <datafield tag="504" ind1=" " ind2=" ">
    <subfield code="a">Includes bibliographical references (p.737-780) and index</subfield>
  </datafield>
  <datafield tag="520" ind1=" " ind2=" ">
    <subfield code="a">"Fully revised to cover the latest advances in digital audio. Offering a thorough survey of fundamentals and theory, Principles of digital audio, Sixth edition provides comprehensive coverage of today's leading digital audio technologies, including blu-ray, digital voice coding, recordable media, USB 2.0 audio, noise cancellation, room correction, media databases, streaming, and encryption. Written by well-known audio engineering expert and bestselling author Ken Pohlmann, the book has been extensively updated to reflect ongoing widespread changes in the audio industry. Chapters devoted to specific applications such as CD, DVD, and MP3 are included in this detailed guide. Principles of digital audio, sixth edition features: new chapters on blu-ray and digital voice coding. Expanded coverage of digital signal processing, discussing theory and applications. Complete update of both desktop and Internet audio. An extensive bibliography covers all digital audio topics: sound and numbers; fundamentals of digital audio; digital audio recording; error correction; optical disc storage; the compact disc; perceptual coding; DVD; blu-ray; audio interconnection; desktop audio; internet audio; digital radio and television broadcasting; digital voice coding; digital signal processing; Sigma-Delta conversion and noise shaping"--</subfield>
  </datafield>
  <datafield tag="520" ind1=" " ind2=" ">
    <subfield code="a">"This thoroughly revised bestseller covers the latest advances in digital audio, including blu-ray, digital voice coding, recordable media, USB 2.0 audio, noise cancellation, room correction, media databases, streaming, and encryption"--</subfield>
  </datafield>
  <datafield tag="650" ind1=" " ind2="0">
    <subfield code="a">Sound</subfield>
    <subfield code="x">Recording and reproducing</subfield>
    <subfield code="x">Digital techniques.</subfield>
    <subfield code="9">23391</subfield>
  </datafield>
  <datafield tag="653" ind1=" " ind2=" ">
    <subfield code="b">Ele</subfield>
    <subfield code="c">April2011</subfield>
  </datafield>
  <datafield tag="942" ind1=" " ind2=" ">
    <subfield code="2">ddc</subfield>
    <subfield code="c">BB</subfield>
  </datafield>
  <datafield tag="999" ind1=" " ind2=" ">
    <subfield code="c">15192</subfield>
    <subfield code="d">15192</subfield>
  </datafield>
  <datafield tag="952" ind1=" " ind2=" ">
    <subfield code="0">0</subfield>
    <subfield code="1">0</subfield>
    <subfield code="2">ddc</subfield>
    <subfield code="4">0</subfield>
    <subfield code="7">0</subfield>
    <subfield code="8">Baccah</subfield>
    <subfield code="a">MAIN</subfield>
    <subfield code="b">MAIN</subfield>
    <subfield code="c">1ST</subfield>
    <subfield code="d">2011-04-27</subfield>
    <subfield code="e">purchase</subfield>
    <subfield code="g">352.00</subfield>
    <subfield code="h">12158</subfield>
    <subfield code="l">2</subfield>
    <subfield code="m">2</subfield>
    <subfield code="o">621.3893 POH</subfield>
    <subfield code="p">000023412</subfield>
    <subfield code="r">2025-07-15 00:00:00</subfield>
    <subfield code="s">2012-12-17</subfield>
    <subfield code="y">BB</subfield>
  </datafield>
</record>
